Les Classiques Disney - Statistiques

Statistiques générales
  • Ce quiz a été pris 217 436 fois
    73 336 depuis la dernière actualisation
  • Le résultat moyen est 48 sur 132
Statistiques - réponses
Titres % Correct
Blanche-Neige et les sept nains
91%
Cendrillon
90%
La belle et la bête
85%
Raiponce
82%
La belle au bois dormant
78%
La reine des neiges
78%
Mulan
78%
La petite sirène
77%
Le Roi Lion
75%
Aladdin
67%
Peter Pan
67%
Vaiana, la légende du bout du monde
67%
La belle et le clochard
65%
La Princesse et la Grenouille
65%
Les 101 dalmatiens
65%
Pocahontas
64%
Pinocchio
63%
Rebelle
61%
Toy Story
61%
Dumbo
60%
Bambi
59%
Cars
59%
Le livre de la jungle
59%
Les Aristochats
57%
Hercule
54%
Fantasia
53%
Tarzan
52%
Lilo et Stitch
51%
La reine des neiges 2
50%
Alice au pays des merveilles
48%
Encanto : La fantastique famille Madrigal
48%
Le roi lion 2
48%
Les Aventures de Bernard et Bianca
48%
Coco
47%
Toy Story 2
47%
Toy Story 3
47%
Rox et Rouky
46%
Winnie l'Ourson
46%
Le bossu de Notre-Dame
45%
Le monde de Nemo
45%
Merlin l'Enchanteur
44%
Ratatouille
44%
Toy Story 4
44%
Vice Versa
44%
Cars 2
43%
La petite sirène 2
43%
Mulan 2
43%
Robin des Bois
43%
Cars 3
42%
Cendrillon 2
42%
Le roi lion 3
41%
Zootopie
41%
Raya et le dernier dragon
40%
Frère des ours
39%
Là-haut
38%
Le monde de Dory
37%
Le retour de Jafar
37%
Monstres et Cie
37%
Kuzco, l'empereur mégalo
36%
Les Indestructibles
36%
La belle et la bête 2
35%
Volt, star malgré lui
35%
Pocahontas 2
34%
La fée clochette
33%
Les Mondes de Ralph
33%
Peter Pan 2
33%
Atlantide, l'empire perdu
32%
Luca
32%
Soul
32%
Tarzan 2
30%
Wall-E
30%
Bambi 2
29%
Mary Poppins
29%
La planète au trésor
27%
Le livre de la jungle 2
27%
Les indestructibles 2
27%
Les nouveaux héros
27%
Lilo et Stitch 2
27%
Alerte rouge
26%
Fantasia 2000
26%
La belle et le clochard 2
26%
Taram et le chaudron magique
26%
1001 pattes
25%
Aladdin et le roi des voleurs
25%
Les 101 dalmatiens 2
25%
Oliver et compagnie
25%
Bernard et Bianca au pays des kangourous
24%
Frère des ours 2
24%
Planes
24%
Ralph 2.0
24%
Clochette et la fée pirate
23%
Dinosaure
22%
Chicken Little
21%
La ferme se rebelle
21%
Le bossu de Notre-Dame 2
21%
Les Trois Caballeros
21%
Rox et Rouky 2
21%
Basil, détective privé
20%
Le voyage d'Arlo
20%
En avant
19%
Kuzco 2
19%
Planes 2
19%
Mélodie cocktail
18%
Buzz l'éclair
17%
Coquin de printemps
17%
Dingo et Max
17%
La boîte à musique
17%
Le crapaud et le maître d'école
17%
Avalonia, l'étrange voyage
16%
Bienvenue chez les Robinson
16%
Les aventures de Porcinet
16%
Les aventures de Tigrou
16%
Le sortilège de Cendrillon
16%
Mélodie du sud
16%
Monstres Academy
16%
Saludos Amigos
16%
Winnie l'ourson 2
16%
Les Aventures de Winnie l'ourson
15%
Le secret de la petite sirène
15%
Clochette et la pierre de lune
14%
Dingo et Max 2
13%
La bande à Picsou - le film
13%
Danny, le petit mouton noir
12%
Les aventures de Petit Gourou
12%
Clochette et la créature légendaire
11%
Clochette et le secret des fées
11%
Peter et Elliott le dragon
11%
Clochette et l'expédition féerique
10%
L'apprentie sorcière
10%
The wild
9%
Winnie l'ourson et l'éfélant
9%
Mickey, Donald, Dingo : Les trois mousquetaires
8%
Aucun quiz correspondant
Distribution des résultats
% des personnes avec chaque résultat
Percentile par nombre de réponses
Votre historique - résultats
Vous n’avez pas pris ce quiz depuis la dernière actualisation